000 00228nam a22000977a 4500
999 _c261932
_d261931
020 _a0439295017
100 _aJ.K Rowling
245 _aFantastic Beast and Where To Find Them
260 _aLondon
_bScholastic
_c2001
942 _cBK